00000000nim##2200000za#4500
0019.648910
003CaOODSP
00520200401065056
007ss |||j|||||||
008150407|1960||||xxcnnn||q|||||||| n eng|d
040 |aCaOODSP|beng
043 |an-cn---
0861 |aCH37-4/4-1960E-A
1101 |aCanada.|bCanadian Heritage. |bHuman Rights Directorate.
24510|aCanadian Bill of Rights |h[sound recording]
260 |aOttawa - Ontario : |bCanadian Heritage. |c1960.
300 |a1 audiocasette.
590 |a03-19|b2003-05-09
69007|aHuman rights|2gcpds
77508|tDéclaration canadienne des droits |w(CaOODSP)9.682162
7760#|tCanadian Bill of Rights |w(CaOODSP)9.664689
7760#|tCanadian Bill of Rights |w(CaOODSP)9.664691
7760#|tDéclaration canadienne des droits |w(CaOODSP)9.664692
7760#|tDéclaration canadienne des droits |w(CaOODSP)9.664690